L'Italia liberata dai goti poemaeroico di Gio. Giorgio Trissino.

Bibliographic Details
Main Author: Trissino, Giovanni Giorgio, 1478-1550
Format: eBook
Language:Italian
Published: Londra : 1779. Si vende in Livorno Presso Gio. Tomo. Masi e Comp., [1779]
Series:Eighteenth century collections online.
Online Access:Full text online

MARC

Tag First Indicator Second Indicator Subfields
LEADER 00000cam a2200000 4500
001 in00001926607
006 m | d |
007 cr |n||||||||n
008 850429s1779 it |||| s 00||||ita d
005 20260407192725.9
035 |a (CStRLIN)ESTCN17281 
040 |a Cu-RivES  |c Cu-RivES  |d CStRLIN  |d Thomson Gale  |d UtOrBLW 
100 1 |a Trissino, Giovanni Giorgio,  |d 1478-1550. 
245 1 2 |a L'Italia liberata dai goti poemaeroico di Gio. Giorgio Trissino. 
264 1 |a Londra :  |b 1779. Si vende in Livorno Presso Gio. Tomo. Masi e Comp.,  |c [1779] 
300 |a 3 volumes,plate :  |b portrait ;  |c 12⁰. 
336 |a text  |b txt  |2 rdacontent 
337 |a computer  |b c  |2 rdamedia 
338 |a online resource  |b cr  |2 rdacarrier 
500 |a The titlepages are engraved. 
500 |a Probably printed in Leghorn. 
500 |a Reproduction of original from the Harvard University Libraries. 
510 4 |a English Short Title Catalog,  |c ESTCN17281. 
533 |a Electronic reproduction.  |b Farmington Hills, Mich. :  |c Thomson Gale,  |d 2003.  |n Available via the World Wide Web.  |n Access limited by licensing agreements  |7 s2003 miunns 
500 |a Electronic resource. 
830 0 |a Eighteenth century collections online. 
856 4 0 |u http://proxy.library.tamu.edu/login?url=https://galenet.galegroup.com/servlet/ECCO?c=1&stp=Author&ste=11&af=BN&ae=N017281&tiPG=1&dd=0&dc=flc&docNum=CW110740894&vrsn=1.0&srchtp=a&d4=0.33&n=10&SU=0LRK&locID=txshracd2898  |z Full text online  |t 0 
999 |a MARS 
999 f f |s 036ce8da-e657-323e-816f-4481e55ff9f1  |i 4648e9e5-7081-36ba-bb20-4fd0e0e2b77d  |t 0 
952 f f |a Texas A&M University  |b College Station  |c Electronic Resources  |s www_evans  |d Available Online  |t 0  |h No information provided 
998 f f |t 0  |l Available Online